| 000 | 00522nam a22001577a 4500 | ||
|---|---|---|---|
| 999 |
_c533739 _d533739 |
||
| 020 | _qHard Cover. | ||
| 082 | _a624.1 | ||
| 100 | _aAbdur Rashid | ||
| 245 |
_aStructural reliability analysis of superstructure of highway bridges on cpec / _cAbdur Rashid. |
||
| 260 |
_aIslamabad: _bSCEE - NUST, _c2017. |
||
| 300 |
_a104 p. : _bill. ; _c30cm. |
||
| 942 |
_2ddc _cTHE |
||
| 650 |
_aStructural Engineering MS-Thesis. _917039 |
||
| 700 |
_aDr. Syed Hassan Farooq _927315 |
||